01129cam a2200289K 450000100060000000300080000600500170001400800410003103500240007203500190009604000290011504100080014408200210015210000390017324500600021226000290027230000210030149000310032250400260035350600540037970000320043377601190046585600930058494200120067799900170068995201330070622493BD-RjUL20211209000819.0140308s1922 enk ob 000 0 eng d a(OCoLC)ocn586975594 a(BD-RJUL)22558 aOCLCEbengcOCLCEdOCLCQ aeng a824.69bDES 19221 aDefoe, Daniel,d1661?-1731.96947310aSelections from Daniel Defoe /cedited by H.K. Hawkins. aLondon :bMethuen,c1922 a131 p. ;c14 cm.0 aMethuen's English classics aBibliography: p. vii. 3Use copyfRestrictions unspecified2star5MiAaHDL1 aHawkins, H. K.,eed.96947408iPrint version:aDefoe, Daniel, 1661?-1731.tSelections from Daniel Defoe.dLondon, Methuen [1922]w(OCoLC)67409574403HathiTrust Digital Libraryuhttp://catalog.hathitrust.org/api/volumes/oclc/67409574.html 2ddccBK c22493d22493 00102ddc40728FICaRUCLbRUCLcReadingd1955-01-31eU.B.Dg1.10l0o824.69 DES 1922r2014-03-08 00:00:00tC-1w2014-03-08yBK